Estados da Austria - Statistics

Estatísticas Gerais
  • Esse quiz foi jogado 38 vezes
  • A pontuação média é 3 de 9
Estatísticas das Respostas
Capital Estado % Correto
Viena Viena
91%
Salzburgo Salzburg
82%
Innsbruck Tirol
45%
Linz Alta Austria
27%
Sankt Pölten Baixa Austria
27%
Eisenstadt Burguenlândia
9%
Klagenfurt Carintia
9%
Graz Estiria
0%
Bregenz Vorarleberga
0%
Nenhum quiz correspondente encontrado
Distribuição das Pontuações
Porcentagem de Pessoas com Cada Pontuação
Percentil de Números Respondidos
Sua Pontuação Histórica
Você não jogou esse quiz